Kronika medicíny /

Saved in:
Bibliographic Details
Main Author: Schott, Heinz (Author)
Format: Book
Language:Slovak
Published: Bratislava : Fortuna Print, 1994
Edition:1.vyd.
Subjects:
Tags: Add Tag
No Tags, Be the first to tag this record!

MARC

LEADER 00000nam a22000003a 4500
001 stu43844
005 20150617225717.1
008 950111s1994----cs------------------slo-d
020 |a 80-7153-081-6 
040 |a STU  |b slo 
041 0 |a slo 
044 |a cs 
080 |a 61(093.3) 
100 1 |a Schott, Heinz  |4 aut 
245 1 |a Kronika medicíny /  |c [aut.]Heinz Schott; Z nem kol 
250 |a 1.vyd. 
260 |a Bratislava :  |b Fortuna Print,  |c 1994 
300 |a 647 s 
650 7 |a medicína  |2 stusub 
650 7 |a Kroniky  |2 stusub 
650 7 |a Lekárstvo  |2 stusub 
996 |b 284M051041  |c M*8869-1  |l MMST  |s P  |a 0  |w stu43844_0001